000 00406nam a22001697a 4500
003 MPLRDC
005 20220104143935.0
008 210129b ||||| |||| 00| 0 eng d
082 _a857.63 CKL v.15 c.7
100 _a岑凯伦
245 _a再生缘
_c
250 _a初版
260 _a
_b汉麟出版社
_c1980
300 _b
650 _a短篇小说--别集
942 _cBK
_o857.63 CKL v.15 c.7
999 _c44845
_d44835